Quiz de Palau - Statistics

Estatísticas Gerais
  • Esse quiz foi jogado 428 vezes
  • A pontuação média é 10 de 15
Estatísticas das Respostas
Dica Resposta % Correto
Sub-região oceânica onde Palau está {Micro}nésia
92%
Línguas oficiais Inglês
91%
Países que ocuparam Palau, 1914-1944 Japão
88%
País asiático mais perto de Palau Indonésia
86%
Países que ocuparam Palau, 1944-1994 Estados Unidos
81%
Moeda oficial Dólar
78%
Países que ocuparam Palau, 1574-1898 Espanha
75%
Países que ocuparam Palau, 1898-1914 Alemanha
70%
55% da população de Palau são _____, a segunda maior taxa de qualquer país Obesos
60%
Mar onde Palau está Mar das {Filipinas}
56%
Línguas oficiais Palauano
54%
Capital Ngerulmud
51%
Em 2009, Palau criou o primeiro santuário para proteger essas criaturas marinhas Tubarões
39%
Maior ilha Koror
24%
Patrimônio Mundial da UNESCO, que consiste em duzentas pequenas ilhas florestadas Ilhas {Chelbacheb}
14%
Nenhum quiz correspondente encontrado
Distribuição das Pontuações
Porcentagem de Pessoas com Cada Pontuação
Percentil de Números Respondidos
Sua Pontuação Histórica
Você não jogou esse quiz